000 00923nam a2200241 a 4500
001 000035037
005 20200930074049.0
008 111024s1981 sp a 000 0 spa d
020 _a8475090508
040 _aDO-SdBNP
_bspa
_cBNPHU
082 _a155.3
_bR347d
100 1 _aReich, Wilhelm
_928231
240 1 0 _aThe discovery of the orgone, the function of the orgasm
245 1 3 _aLa función del orgasmo :
_bel descubrimiento del orgon, problemas económico-sexuales de la energía biológica /
_cWilhelm Reich ; traducción de Felipe Suárez.
260 _aBarcelona :
_bEdiciones Paidos,
_c1981.
300 _a295 p. :
_bil. ;
_c23 cm.
490 0 _aBiblioteca de psicología profunda
500 _aTraducido del inglés
590 _aPerteneció a la biblioteca personal de Juan Isidro Jimenes Grullón
700 1 2 _aSuárez, Felipe,
_etr.
_960672
910 _aValidado. Control de calidad MFF
049 _aBNGR
999 _c34528
_d34528